| 000 | 00894nmm a2200265 a 4500 | ||
|---|---|---|---|
| 001 | ocm0001061913 | ||
| 003 | TR-IsHL | ||
| 005 | 20201028151139.0 | ||
| 008 | 150709s2015 tu tur | ||
| 007 | cr cn | ||
| 020 | _a9786059879354 | ||
| 035 |
_a1061913 _b(N$T) |
||
| 050 | 0 | 4 |
_aPN6277.K67 _bY46 2015 |
| 090 | 0 | 4 |
_aPN6277.K67 _bY46 2015 |
| 100 | 1 | _aKoradan, Lilay | |
| 245 | 1 | 0 |
_aYeni başlayanlar için ünlülerden aforizmalar _h[electronic resource] / _cLilay Koradan |
| 260 |
_aİstanbul : _bAZ Kitap, _c2015 |
||
| 300 | _a244 p. | ||
| 650 | 4 | _aAstronomi ve Uzay | |
| 650 | 4 | _aAstronomy & Space Sciences | |
| 650 | 0 | _aAforizmalar ve özlü sözler, Türk | |
| 650 | 0 | _aAphorisms and apothegms, Turkish | |
| 650 | 7 |
_aLITERARY COLLECTIONS / Middle Eastern _2bisacsh |
|
| 856 | 4 | 0 | _uhttp://search.ebscohost.com/login.aspx?direct=true&scope=site&db=e011xww&AN=1061913 |
| 999 |
_c10858 _d10858 |
||